| 000 | 00910nam1a22002171i 4500 | ||
|---|---|---|---|
| 001 | rc\808011 | ||
| 005 | 20260407025645.0 | ||
| 035 | _a(NLR Aleph) 006237376 | ||
| 090 |
_a6635336 _c6635336 |
||
| 100 | _a20041129d1983 u |0rusy50 ca | ||
| 101 | 0 | _arus | |
| 102 | _aRU | ||
| 105 | _ay ||||||||| | ||
| 200 | 1 |
_aСборник сметных цен на местные строительные материалы, бетонные и железобетонные изделия _eУтв. Исполкомом Мособлсовета 7.01.83 |
|
| 210 |
_aМ. _cМособлупрполиграфиздат _d1983 |
||
| 215 | _d29 | ||
| 712 | 0 | 2 |
_aМосковский областной Совет народных депутатов _bИсполнительный комитет _3RU\NLR\AUTH\8810011473 _9520646 |
| 801 | 0 |
_aRU _bNLR _gpsbo |
|
| 801 | 1 |
_aRU _bELAR _2rusmarc |
|
| 852 |
_aNLR _bПт _j80.3/578 |
||
| 942 | _cBOOK | ||